[Event "Speed Chess Championship 2020"]
[Site "Online"]
[Date "2020.12.02"]
[Round "2.4"]
[White "Aronian, Levon"]
[Black "Vachier-Lagrave, Maxime"]
[Result "1/2-1/2"]
[WhiteElo "2781"]
[BlackElo "2784"]
[Annotator "TA"]
[PlyCount "133"]
[EventDate "2020.10.31"]
[EventType "k.o."]
[EventCountry "NET"]
[SourceTitle "playchess.com"]
[Source "ChessBase"]
[SourceQuality "1"]

{[%evp 9,133,11,16,10,21,0,21,-9,0,7,-3,0,47,-22,-22,-19,-18,-19,-22,-24,0,0,0,-16,6,0,0,0,0,0,0,0,0,0,0,0,0,0,0,0,0,-9,0,0,12,12,12,16,11,11,30,28,35,12,25,0,28,0,0,0,20,0,0,0,0,0,0,-40,0,0,0,0,0,0,0,0,0,0,0,0,0,0,0,0,0,0,0,0,0,0,29977,29978,29975,29976,12846,0,706,696,511,420,1000,0,0,0,0,0,5106,0,0,0,0,0,0,0,0,0,0,0,0,0,0,0,0,0,0,0]} 1. b3 Nf6 2. Bb2 g6 3. c4 Bg7 4. g3 O-O 5. Bg2 d6 6. d4 {A15: English Opening: 1...Nf6.} Nc6 7. d5 Ne5 {[#]} 8. Nd2 $146 ({Predecessor:} 8. Nc3 Bd7 9. h3 Bf5 10. f4 Ned7 11. g4 Bxg4 12. hxg4 Nxg4 13. e4 Ne3 14. Qe2 Nxg2+ 15. Qxg2 {1-0 (33) Montes Espino,A-Lopez,J Spain 1992}) 8... e6 9. dxe6 $1 Bxe6 10. Ngf3 Nfg4 11. Bd4 (11. Nxe5 $14 Nxe5 12. O-O) 11... c5 $11 12. Nxe5 Nxe5 13. Bxe5 Bxe5 14. Rc1 Qe7 15. O-O Rad8 16. e3 b6 17. Qe2 h5 18. h4 d5 19. cxd5 Bxd5 20. Bxd5 Rxd5 21. Nf3 Rfd8 22. Rfd1 Qd6 {[%cal Rd5d1]} 23. Rxd5 Qxd5 24. Kg2 Bf6 25. Rc2 Qd3 26. Kf1 Qd1+ 27. Qxd1 Rxd1+ {[%mdl 4096] Endgame KRB-KRN} 28. Ke2 Ra1 29. Kd3 Kf8 30. Kc4 Ke7 31. Nd2 Kd7 32. Ne4 Be5 33. Kd5 Bg7 34. Rd2 Rc1 35. Ng5 Ke7 36. Ne4 Bc3 37. Rd3 Be1 38. a4 Rc2 39. f4 $1 f5 40. Ng5 Bxg3 41. Nf3 Kf6 42. Kc6 {Black must now prevent Rd7.} c4 43. bxc4 Rxc4+ {[%mdl 64] Double Attack} 44. Kd7 Rxa4 45. Rd6+ Kg7 {And now ...Re4 would win.} 46. Ne5 Bxh4 {Strongly threatening ...Bf6.} 47. Rxg6+ Kh7 48. Ke6 {aiming for Kf7.} Ra3 49. Kf7 {Rg7+ would kill now.} Rxe3 $2 {[%mdl 8192]} (49... Rc3 $11 50. Rg7+ Kh6 51. Rg6+ Kh7) 50. Rg7+ Kh6 51. Rg8 {[%cal Rg8h8]} Kh7 52. Rg7+ (52. Ng6 $142 Re7+ 53. Nxe7 Bxe7 54. Rg5 $1 {[%mdl 576] Promotion} Bxg5 55. fxg5) 52... Kh6 $18 53. Kg8 {[%csl Gg8][%cal Rg7h7]} Rxe5 54. fxe5 {KR-KB} f4 {[#]} (54... Bf2 $142 55. Kf7 (55. Rxa7 Bc5 $11) 55... h4) 55. e6 $2 ({White must play} 55. Kf7 $1 $18 f3 56. Rg6+ Kh7 57. Rg1) 55... f3 $11 56. Rf7 Kg6 $1 ({But not} 56... f2 $6 {[#]} 57. Rxf2 $1 {[%mdl 512]} Kg6 58. Rf7 $16) 57. Rxf3 {Threatens to win with Kf8.} Bf6 $2 {[%mdl 8192]} (57... Be7 $11) 58. Re3 $2 ({White has to play} 58. Rg3+ $18 Kf5 59. Kf7) 58... h4 {The position is equal.} 59. e7 (59. Kf8 {with more complications.} Bd4 60. e7 Bc5 61. Re5 Ba3 62. Ke8) 59... Bxe7 $1 60. Rxe7 Kf5 61. Rxa7 {KR-KPP. Cut Off at move 61} Kg4 62. Ra4+ (62. Rh7 {looks sharper.} Kg3 63. Kg7 h3 64. Kf6 h2 65. Kg5) 62... Kg3 63. Ra3+ Kg2 64. Ra2+ Kg3 65. Ra3+ Kg2 66. Ra2+ Kg3 67. Ra3+ {Weighted Error Value: White=0.40/Black=0.24} 1/2-1/2

[Event "Speed Chess Championship 2020"]
[Site "Online"]
[Date "2020.11.19"]
[Round "2.4"]
[White "Duda, Jan-Krzysztof"]
[Black "So, Wesley"]
[Result "0-1"]
[WhiteElo "2743"]
[BlackElo "2816"]
[Annotator "RC"]
[PlyCount "112"]
[EventDate "2020.10.31"]
[EventType "k.o."]
[EventCountry "NET"]
[SourceTitle "playchess.com"]
[Source "ChessBase"]
[SourceQuality "1"]
[TimeControl "300+1"]

1. e4 {[%emt 0:00:01]} e5 {[%emt 0:00:01]} 2. Nf3 {[%emt 0:00:00]} Nc6 {[%emt 0:00:00]} 3. Bc4 {[%emt 0:00:02]} Nf6 {[%emt 0:00:02]} 4. d3 {[%emt 0:00:02]} Bc5 {[%emt 0:00:01]} 5. O-O {[%emt 0:00:03]} O-O {[%emt 0:00:02]} 6. Bg5 {[%emt 0:00:04]} h6 {[%emt 0:00:02]} 7. Bh4 {[%emt 0:00:00]} g5 {[%emt 0:00:03]} 8. Bg3 {[%emt 0:00:03]} d6 {[%emt 0:00:00]} 9. c3 {[%emt 0:00:02]} a6 {[%emt 0:00:08]} 10. Bb3 {[%emt 0:00:03]} Ba7 {[%emt 0:00:04]} 11. Nbd2 {[%emt 0:00:04]} Kg7 {[%emt 0:00:03]} 12. Re1 {[%emt 0:00:19]} Ng8 {[%emt 0:00:12]} 13. Nf1 {[%emt 0:00:24]} f5 {[%emt 0:00:12]} 14. exf5 {[%emt 0:00:00]} Bxf5 {[%emt 0:00:01]} 15. Ne3 {[%emt 0:00:01]} Bxe3 {[%emt 0:00:10]} 16. fxe3 {[%emt 0:00:27]} Nf6 {[%emt 0:00:12]} 17. e4 {[%emt 0:00:08]} Bg4 {[%emt 0:00:09]} 18. h3 {[%emt 0:00:01]} Bh5 {[%emt 0:00:05]} 19. Rf1 {[%emt 0:00:01]} Qe7 {[%emt 0:00:03]} 20. Qd2 {[%emt 0:00:07]} Bg6 {[%emt 0:00:04]} 21. Rae1 {[%emt 0:00:10]} Nh5 {[%emt 0:00:03]} 22. Bh2 {[%emt 0:00:05]} Nf4 {[%emt 0:00:13]} 23. Kh1 {[%emt 0:00:21]} Rf6 {[%emt 0:00:06]} 24. Rf2 {[%emt 0:00:40]} Raf8 {[%emt 0:00:02]} 25. Ref1 {[%emt 0:00:01]} Nd8 {[%emt 0:00:37]} 26. Ng1 {[%emt 0:00:08]} Nde6 {[%emt 0:00:08]} 27. Bc2 {[%emt 0:00:14]} c5 {[%emt 0:00:04]} 28. g3 {[%emt 0:00:05]} Nh5 {[%emt 0:00:07]} 29. Kg2 {[%emt 0:00:03]} c4 {[%emt 0:00:10]} 30. dxc4 {[%emt 0:00:16]} Nc5 {[%emt 0:00:03]} 31. Qe3 {[%emt 0:00:01]} Rxf2+ {[%emt 0:00:04]} 32. Rxf2 {[%emt 0:00:01]} Rxf2+ {[%emt 0:00:02]} 33. Kxf2 {[%emt 0:00:00]} Qf7+ {[%emt 0:00:13]} 34. Nf3 {[%emt 0:00:03]} Qxc4 {[%emt 0:00:05]} 35. b3 {[%emt 0:00:03]} Nxe4+ {[%emt 0:00:04]} 36. Bxe4 {[%emt 0:00:07]} Qxe4 {[%emt 0:00:00]} 37. Qxe4 {[%emt 0:00:01]} Bxe4 {[%emt 0:00:00]} 38. Nd2 {[%emt 0:00:00]} Bd5 {[%emt 0:00:01]} 39. h4 {[%emt 0:00:18]} g4 {[%emt 0:00:10]} 40. c4 {[%emt 0:00:04]} Bc6 {[%emt 0:00:02]} 41. Nf1 {[%emt 0:00:01]} Nf6 {[%emt 0:00:08]} 42. Ke1 {[%emt 0:00:01]} Kg6 {[%emt 0:00:05]} 43. Bg1 {[%emt 0:00:01]} Ne4 {[%emt 0:00:08]} 44. Bb6 {[%emt 0:00:10]} h5 {[%emt 0:00:03]} 45. Ke2 {[%emt 0:00:01]} Kf5 {[%emt 0:00:16]} 46. Kd3 {[%emt 0:00:07]} Ke6 {[%emt 0:00:05]} 47. Kc2 {[%emt 0:00:19]} d5 {[%emt 0:00:03]} 48. cxd5+ {[%emt 0:00:00]} Kxd5 {[%emt 0:00:03]} 49. Ba5 {[%emt 0:00:05]} Nd6 {[%emt 0:00:09]} 50. Ne3+ {[%emt 0:00:20]} Ke4 {[%emt 0:00:02]} 51. Bb4 {[%emt 0:00:01]} Nb5 {[%emt 0:00:12]} 52. Nc4 {[%emt 0:00:01]} Nd4+ {[%emt 0:00:02]} 53. Kd1 {[%emt 0:00:04]} Kf3 {[%emt 0:00:11]} 54. Bd6 {[%emt 0:00:06]} e4 {[%emt 0:00:07]} 55. Nd2+ {[%emt 0:00:02]} Kg2 {[%emt 0:00:05]} 56. Bf4 {[%emt 0:00:02]} Nf5 {[%emt 0:00:01]} 0-1

[Event "Speed Chess Championship 2020"]
[Site "Online"]
[Date "2020.12.05"]
[Round "2.4"]
[White "Artemiev, Vladislav"]
[Black "Carlsen, Magnus"]
[Result "1-0"]
[WhiteElo "2708"]
[BlackElo "2862"]
[Annotator "TA"]
[PlyCount "55"]
[EventDate "2020.10.31"]
[EventType "k.o."]
[EventCountry "NET"]
[SourceTitle "playchess.com"]
[Source "ChessBase"]
[SourceQuality "1"]

{[%evp 26,55,42,47,45,27,61,39,156,161,161,152,151,192,195,178,189,177,179,157,286,280,433,415,1002,989,1004,1002,1007,1007,968,965]} 1. Nf3 c5 2. c4 Nf6 3. g3 b6 4. Bg2 Bb7 5. O-O e6 6. Nc3 Be7 7. Re1 d6 8. e4 a6 9. d4 cxd4 10. Nxd4 Qc7 11. Be3 Nbd7 12. Rc1 O-O 13. f4 Rac8 14. g4 Nc5 {[%cal Rf6e4] A30: Symmetrical English: Double Fianchetto and Hedgehog.} (14... Qxc4 $2 15. g5 $18) 15. Bf2 h6 16. b4 Ncd7 ({Black should try} 16... Nfxe4 $14 17. Nxe4 Nxe4 18. Bxe4 Bxe4 19. Rxe4 d5 20. Rxe6 fxe6 21. Nxe6 {[%mdl 64] Double Attack} Qd6 22. Nxf8 Kxf8) 17. g5 $16 hxg5 18. fxg5 Ne8 19. g6 $1 {[#] Strongly threatening Bh3.} Ne5 $146 {[#]} ({Predecessor:} 19... e5 20. Nf5 Bg5 21. gxf7+ Rxf7 22. Be3 Bxe3+ 23. Nxe3 Ndf6 24. Bh3 Nxe4 25. Nxe4 Bxe4 {½-½ (55) Lutz,B (2348)-Aerni,A (2206) Basel 2013}) 20. gxf7+ $1 Rxf7 {[#]} 21. Bh3 $1 {[%cal Rh3e6]} Rf6 22. Nxe6 (22. Bxe6+ $6 Rxe6 23. Nxe6 Qd7 $14) 22... Qxc4 (22... Nf3+ $16 {might work better.} 23. Kh1 Qxc4) 23. Nd5 $18 {[%mdl 64] Discovered Attack} Rg6+ (23... Qxc1 {was worth a try.} 24. Nxe7+ (24. Qxc1 Rxc1 25. Nxf6+ Bxf6 $16) (24. Nxf6+ Bxf6 25. Qxc1 Rxc1 $16) 24... Kf7 25. Nxc8 (25. Qxc1 Rxc1 26. Rxc1 Kxe7 $17) 25... Qh6) 24. Bg3 Qxc1 (24... Bxd5 $142 25. Rxc4 Bxc4) 25. Nxe7+ {White is clearly winning.} ({Weaker is} 25. Qxc1 Rxc1 26. Rxc1 (26. Nxe7+ Kf7 $11) 26... Bh4 $16) 25... Kf7 26. Nxg6 ({Not} 26. Qxc1 Rxc1 27. Rxc1 Kxe7 $14) 26... Qxd1 27. Nxe5+ dxe5 28. Rxd1 {Black got outplayed after the opening.  Weighted Error Value: White=0.00/Black=0.50} 1-0

[Event "Speed Chess Championship 2020"]
[Site "Online"]
[Date "2020.12.04"]
[Round "2.4"]
[White "Fedoseev, Vladimir"]
[Black "Nakamura, Hikaru"]
[Result "0-1"]
[WhiteElo "2676"]
[BlackElo "2736"]
[Annotator "TA"]
[PlyCount "110"]
[EventDate "2020.10.31"]
[EventType "k.o."]
[EventCountry "NET"]
[SourceTitle "playchess.com"]
[Source "ChessBase"]
[SourceQuality "1"]

{[%evp 12,109,14,7,14,5,9,3,27,31,30,10,50,31,36,0,0,-30,-31,-48,-43,-39,-45,-57,-44,-41,-64,-83,-72,-95,-73,-66,-70,-100,-74,-77,-71,-64,-52,-43,-47,-240,-257,-214,-181,-335,-331,-328,-320,-356,-282,-273,-216,-495,-495,-652,-636,-626,-628,-582,-176,-134,-100,-77,-89,-112,0,-55,0,-91,0,-168,-167,-151,-158,-508,-79,-122,-148,-2024,-1814,-12836,-12832,-12840,-12840,-12843,-12844,-12845,-12842,-12842,-12843,-12843,-12843,-12843,-12843,-12845,-12838,-12846,-12846,-29999]} 1. e4 e5 2. Nf3 Nc6 3. Bc4 Bc5 4. c3 Nf6 5. d3 d6 6. O-O h6 {6...h6 is setting a new trend.} 7. Re1 O-O {C54: Giuoco Piano: 4 c3 Nf6, main lines with 5 d4 and 5 d3.} 8. Nbd2 a5 9. Bb5 Be6 {The position is equal.} 10. Nf1 Bb6 11. Ng3 {[#]} Nd7 $1 $146 {[%mdl 8] An important novelty.} ({Predecessor:} 11... Nh7 12. h3 Ng5 13. Nxg5 hxg5 14. d4 exd4 15. Bxc6 bxc6 16. cxd4 c5 17. d5 Bd7 {1-0 (41) So,W (2770)-Nakamura,H (2736) chess24.com INT 2020}) 12. d4 {Black must now prevent d5.} Bg4 13. Bxc6 bxc6 14. Be3 (14. h3 $5 {[%cal Rh3g4]} Bxf3 15. Qxf3 $11) 14... Qf6 15. h3 exd4 16. cxd4 Bxf3 17. gxf3 c5 {[%cal Rc5d4]} 18. dxc5 Bxc5 19. b3 {[#]} a4 $1 {[%mdl 512]} 20. bxa4 Bxe3 21. Rxe3 Nc5 22. Rc1 Ne6 {[%mdl 1024] Black has strong compensation.} 23. Ne2 Ra5 24. Kf1 Rfa8 25. Rc4 Nc5 26. Nc3 $2 (26. f4 $15) 26... Qe6 $1 $19 {[%csl LRc4,LRh3]} 27. Rb4 Qxh3+ 28. Ke2 $2 (28. Kg1 {was the only chance.}) 28... Ne6 29. Kd2 Qh2 30. Qf1 Nc5 31. a3 Nxa4 32. Nd5 $2 (32. Rxa4 Rxa4 33. Nxa4 Rxa4 34. Ke1) 32... Nc5 33. Nxc7 Rxa3 {...Ra2+ is the strong threat.} 34. Nxa8 Ra2+ ({Less strong is} 34... Rxa8 35. Rb2 $17) 35. Kc1 Rxa8 $2 (35... Rxf2 36. Qe1 Qg2) 36. Qe1 Ra2 37. Rb2 Ra1+ 38. Rb1 Ra2 $40 {[%mdl 128] Black mounts an attack.} (38... Ra7 $17 39. Rb8+ Kh7) 39. Rb2 $1 $15 {[%cal Rb2a2]} Ra1+ 40. Rb1 Ra8 (40... Ra6 $17) 41. Rb2 $2 {[#]} (41. Rb4 $1 $11 {and White is okay.}) 41... h5 $1 $19 42. Kb1 h4 43. e5 $2 (43. Qc1 $17 {is more resistant.}) 43... dxe5 $2 (43... Qf4 $19 {has better winning chances.} 44. Ra2 Qf5+ 45. Ka1 Rxa2+ 46. Kxa2 Qc2+ 47. Ka1 Nb3+ 48. Rxb3 Qxb3) 44. Rxe5 $17 {[#]} Ne6 $1 ({Don't blunder} 44... Nd3 $2 45. Re8+ Rxe8 46. Qxe8+ Kh7 47. Qe4+ g6 48. Qxd3 $18) 45. Rxe6 $4 {[%mdl 8192]} (45. Rb4 $17) 45... fxe6 $19 46. Qxe6+ $17 {[%mdl 4096] Endgame KQR-KQR} Kh8 47. Qe1 Qd6 48. Rb3 Qa6 {( -> ...Qa2+)} 49. Qc3 Qf1+ 50. Kb2 Qxf2+ 51. Kb1 Qf1+ 52. Kb2 Qe2+ 53. Kb1 Rd8 54. Rb2 Qf1+ 55. Kc2 Qd1# {Weighted Error Value: White=0.74/Black=0.40} 0-1

[Event "Speed Chess Championship 2020"]
[Site "Online"]
[Date "2020.12.05"]
[Round "2.5"]
[White "Carlsen, Magnus"]
[Black "Artemiev, Vladislav"]
[Result "1-0"]
[WhiteElo "2862"]
[BlackElo "2708"]
[Annotator "TA"]
[PlyCount "119"]
[EventDate "2020.10.31"]
[EventType "k.o."]
[EventCountry "NET"]
[SourceTitle "playchess.com"]
[Source "ChessBase"]
[SourceQuality "1"]

{[%evp 13,119,27,30,24,28,18,26,-2,35,49,58,56,65,16,22,21,75,77,91,83,114,75,141,143,152,105,103,88,90,85,76,67,54,57,113,61,65,67,78,42,43,0,0,0,0,0,0,-6,0,-25,-20,-32,0,-1,0,-129,-137,-195,-195,-175,0,0,0,0,0,0,0,0,29956,6508,5498,5297,3339,1092,1018,922,715,758,1520,1060,1611,943,931,876,29987,5073,4072,3715,5641,3188,29972,29970,29979,29980,29980,29981,29981,29982,29982,29982,29993,29993,29995,29981,29981,29982,29983,29983]} 1. d4 d5 2. c4 c6 3. Nf3 Nf6 4. e3 Bf5 5. Nc3 e6 6. Nh4 Bg6 {6...Be4 is more advanced technology.} 7. Nxg6 hxg6 8. Bd2 {D12: Slav Defence: 3 Nf3 Nf6 4 e3 Bf5.} Nbd7 9. Qc2 Bd6 10. O-O-O {White has an edge.} Qe7 (10... Ng4 $5 {[%cal Rg4f2]} 11. Be1 Bc7 $11) 11. Kb1 dxc4 12. Bxc4 {[#]} O-O-O $146 ({Predecessor:} 12... O-O 13. h4 c5 14. dxc5 Bxc5 15. Be2 Rac8 16. h5 gxh5 17. Bxh5 Nxh5 18. Rxh5 f5 {½-½ (37) Wojtaszek,R (2715)-Matlakov,M (2689) Dubai 2014}) 13. f4 Kb8 14. e4 {Black must now prevent e5.} Nb6 (14... Ng4 $11 {keeps the balance.}) 15. Be2 $16 Bb4 16. a3 Ba5 17. Be1 Rd7 (17... Bxc3 $142 18. Bxc3 Ne8) 18. e5 $1 {[%cal Re5f6]} Nh5 19. Rf1 {Threatens to win with b4.} Bxc3 20. Bxc3 g5 21. Bb4 Qd8 22. g3 g6 23. fxg5 Qxg5 (23... Ng7 $1 $14) 24. Bd6+ (24. Rd3 $16) 24... Ka8 $14 25. Rd3 Ng7 26. h4 Qd8 $1 27. g4 Ne8 $1 {[%cal Re8d6]} 28. Bc5 Rxh4 29. Rdf3 Rh7 30. Qc1 Nd5 31. Rh1 Rxh1 32. Qxh1 b6 33. Bf8 Nef6 34. Bd6 {[#]} (34. Qc1 $11 Qxf8 35. Qxc6+ Kb8 36. exf6) 34... Ne4 $1 $17 ({Inferior is} 34... Nxg4 35. Ba6 $16) 35. Ka2 (35. Qc1 $17 {might work better.} Kb7 36. Bb4) 35... Nxd6 $19 36. exd6 {[#]} Qb8 $2 (36... Qf8 $1 $19 {aiming for ...f5.} 37. g5 Qxd6) 37. Qh7 $11 Qxd6 {And now ...Qe7 would win.} ({Reject} 37... Rxd6 $6 38. Rxf7 b5 39. g5 $18 (39. Qxg6 b4 $16)) 38. Rxf7 Rxf7 39. Qxf7 {Ba6 would kill now.} Ne7 40. Bc4 Qxd4 $2 {[%mdl 8192]} (40... e5 $11) 41. Qe8+ (41. Qf8+ $142 Kb7 42. Qxe7+ {[%mdl 64] Double Attack} Kb8 43. Bxe6 b5 44. g5 b4 45. axb4 a5 46. Qf8+ Kc7 47. Qc8+ Kd6 48. Qd8+ Ke5 49. Qxd4+ Kxd4 50. bxa5) 41... Kb7 $18 42. Qxe7+ {[%mdl 64] Double Attack} Kb8 43. Qe8+ (43. Bxe6 $142 a6 44. Qf8+ Kc7 45. Qf7+ Kd6 46. Qxg6) 43... Kc7 44. Qxe6 b5 45. Bb3 Qd3 46. g5 a5 47. Qe7+ Kb6 48. Qe5 c5 49. Qf6+ (49. Bd5 $142 Qxd5+ 50. Qxd5 c4 51. Qd6+ {[%mdl 64] Double Attack} Kb7 52. Qxg6 Kc7 53. Qf7+ Kb6 54. g6) 49... Kc7 50. Bf7 c4 51. Bxg6 Qb3+ 52. Ka1 {White mates.} b4 53. Qe5+ Kb6 54. Qd6+ Kb7 55. Be4+ Kc8 56. Qc5+ {[%mdl 64] Double Attack} Kd7 57. Bc6+ Ke6 58. Bd5+ Kd7 59. Qxc4 Qd1+ 60. Ka2 {White used his chance.  Weighted Error Value: White=0.22/Black=0.51} 1-0

[Event "Speed Chess Championship 2020"]
[Site "Online"]
[Date "2020.11.19"]
[Round "2.5"]
[White "So, Wesley"]
[Black "Duda, Jan-Krzysztof"]
[Result "1/2-1/2"]
[WhiteElo "2816"]
[BlackElo "2743"]
[Annotator "TA"]
[PlyCount "73"]
[EventDate "2020.10.31"]
[EventType "k.o."]
[EventCountry "NET"]
[SourceTitle "playchess.com"]
[Source "ChessBase"]
[SourceQuality "1"]

{[%evp 13,73,0,19,13,11,9,14,18,9,17,12,14,11,8,4,15,10,1,0,2,0,0,6,16,8,6,12,-11,-6,-10,-5,-7,-10,-24,0,0,0,0,0,0,0,-8,0,-35,0,0,28,25,22,0,0,0,0,0,0,0,0,0,0,0,0,0]} 1. e4 c5 2. Nf3 d6 3. d4 cxd4 4. Nxd4 Nf6 5. Nc3 a6 6. Rg1 e5 7. Nb3 Be6 8. g4 {B90: Sicilian Najdorf: Unusual White 6th moves, 6 Be3 Ng4 and 6 Be3 e5.} d5 9. exd5 Nxd5 10. Nxd5 Qxd5 11. Qxd5 Bxd5 12. Be3 Nc6 13. O-O-O O-O-O 14. Bb6 {14.g5 gains popularity.} Rd6 15. g5 Be6 {[#]} 16. Rxd6 $146 ({Predecessor:} 16. Bg2 Rxd1+ 17. Rxd1 Be7 18. h4 h6 19. Nc5 hxg5 20. Nxe6 fxe6 21. hxg5 Bxg5+ 22. Kb1 {½-½ (41) Simmelink,J (2297)-Bernal Varela,N (2172) Chessfriend.com 2005}) 16... Bxd6 17. Nc5 Bxc5 (17... Bxa2 $2 18. b3 $18) 18. Bxc5 Kc7 19. h4 h6 20. g6 {[#] gxf7 is the strong threat.} f6 21. h5 Rd8 ({Worse is} 21... Bxa2 22. b3 $16) 22. b3 b6 23. Ba3 b5 24. Bc5 Nd4 25. Rg3 Bf5 26. Rc3 {[#] Black must now prevent Bxd4+.} Kb8 27. f3 Ne6 28. Be3 (28. Bb6 $5 {[%cal Rb6d8]}) 28... Kb7 29. a4 Rd5 30. axb5 axb5 31. f4 {The position is equal.} Be4 ({Wrong is} 31... exf4 $2 32. Bg2 $18) ({Not} 31... Nxf4 $2 32. Bxf4 b4 33. Rc4 $18) 32. fxe5 Rxe5 33. Bh3 Bf5 34. Bg2+ Be4 35. Bh3 Bf5 36. Bg2+ Be4 37. Bh3 {A rather calm draw.  Weighted Error Value: White=0.04/Black=0.05} 1/2-1/2

[Event "Speed Chess Championship 2020"]
[Site "Online"]
[Date "2020.12.02"]
[Round "2.5"]
[White "Vachier-Lagrave, Maxime"]
[Black "Aronian, Levon"]
[Result "1/2-1/2"]
[WhiteElo "2784"]
[BlackElo "2781"]
[Annotator "TA"]
[PlyCount "135"]
[EventDate "2020.10.31"]
[EventType "k.o."]
[EventCountry "NET"]
[SourceTitle "playchess.com"]
[Source "ChessBase"]
[SourceQuality "1"]

{[%evp 16,135,12,9,13,9,4,4,10,7,14,0,6,-21,-32,-93,-87,-75,-78,-152,-136,-128,-83,-87,-78,-93,-75,-83,-52,-91,-84,-93,-60,-175,-105,-113,-99,-99,-106,-95,-100,-111,-105,-123,-92,-95,-102,-101,-96,-95,-98,-102,-95,-95,-91,-97,-89,-107,-106,-109,-89,-96,-82,-83,-84,-119,-117,-124,-124,-125,-88,-103,0,0,0,-8,-8,-8,-8,-8,-8,-8,-8,-8,0,0,0,0,0,-8,-8,-8,-8,-8,-8,-8,-8,-8,-8,-8,-8,-8,0,-8,-8,-8,-8,-8,-8,-8,-8,-8,-2,-2,18,18,18,18,18,0,0,0]} 1. e4 e5 2. Nf3 Nc6 3. Bb5 Nf6 4. O-O Nxe4 5. Re1 Nd6 6. Nxe5 Be7 7. Bf1 Nxe5 8. Rxe5 O-O 9. d4 Ne8 {C67: Ruy Lopez: Berlin Defence: 4 0-0 Nxe4.} 10. Nc3 Bf6 11. Re1 d5 12. Ne2 c6 13. Ng3 g6 {[#]} 14. Bf4 $146 ({Predecessor:} 14. c3 Bg7 15. Bf4 Nd6 16. Bd3 Be6 17. h3 Qd7 18. Qc2 Rfe8 19. Re2 b6 20. Rae1 {1-0 (37) Frolyanov,D (2537)-Iljiushenok,I (2517) Samara 2017}) 14... Qb6 15. Bh6 ({Better is} 15. c3 $15) 15... Bxd4 $17 16. Qd2 Bg7 17. c3 (17. b3 $142) 17... Bxh6 18. Qxh6 Ng7 19. b3 Be6 20. h4 Rae8 21. h5 Bc8 22. Qf4 Ne6 ({Don't play} 22... Nxh5 $6 23. Nxh5 gxh5 24. Qg5+ Kh8 25. Rxe8 $11) 23. Qf3 Qd8 24. Re5 (24. c4 $1 $15) 24... Ng5 (24... Qh4 $19 25. Qd3 Re7) 25. Qe3 Rxe5 26. Qxe5 Re8 27. Qd4 b6 28. b4 Ne6 29. Qd2 Qg5 30. Qxg5 Nxg5 31. a4 Kf8 32. a5 b5 33. hxg6 fxg6 34. f3 Ne6 35. Ne2 Ke7 36. Nd4 Kd6 37. Kf2 Bd7 38. Bd3 a6 39. Rh1 Re7 40. g4 c5 41. Ne2 d4 42. bxc5+ Nxc5 43. Rd1 {[#]} dxc3 (43... Na4 $1 $17 {Strongly threatening ...Nb2.} 44. Be4 Kc5 45. cxd4+ Kb4) 44. Bxb5+ $1 $11 {The position is equal.} Kc7 {Hoping for ...c2.} 45. Nxc3 {Threatens to win with Nd5+.} Bxb5 (45... axb5 $5 46. Nd5+ $8 {[%mdl 64] Double Attack} Kd8 47. Nxe7 Kxe7 $11) 46. Nd5+ {[%mdl 64] Double Attack} Kd6 47. Nxe7+ Kxe7 48. Rh1 Nb3 49. Rxh7+ Kf8 50. f4 Nxa5 51. Ke3 Nc6 52. f5 gxf5 53. gxf5 Ne7 54. Ke4 {[#]} Nxf5 $1 {[%mdl 512]} 55. Ra7 (55. Kxf5 Bd3+) 55... Nd6+ 56. Kd5 Nc4 57. Kc5 Nd2 58. Kb6 Nc4+ 59. Kc5 Ke8 60. Rb7 Na3 61. Kb4 {Cut Off at move 61} Nc2+ 62. Kc5 Bd3 63. Rb3 Be4 64. Rb6 a5 65. Re6+ Kd7 66. Rxe4 Nb4 67. Rxb4 axb4 68. Kxb4 {Weighted Error Value: White=0.10/Black=0.09} 1/2-1/2

[Event "Speed Chess Championship 2020"]
[Site "Online"]
[Date "2020.12.04"]
[Round "2.5"]
[White "Nakamura, Hikaru"]
[Black "Fedoseev, Vladimir"]
[Result "1-0"]
[WhiteElo "2736"]
[BlackElo "2676"]
[Annotator "TA"]
[PlyCount "115"]
[EventDate "2020.10.31"]
[EventType "k.o."]
[EventCountry "NET"]
[SourceTitle "playchess.com"]
[Source "ChessBase"]
[SourceQuality "1"]

{[%evp 9,115,12,21,16,14,17,36,33,38,48,52,56,41,43,55,47,49,38,58,49,56,44,60,43,70,75,67,53,70,74,85,85,99,88,88,81,76,65,122,120,130,112,137,115,183,183,207,193,184,209,198,193,188,0,183,187,208,178,197,150,233,116,118,118,181,190,164,164,188,193,185,189,227,241,285,170,184,182,432,422,521,514,521,425,524,524,513,506,481,447,458,447,447,443,519,502,505,504,476,476,468,461,456,439,436,434,447,435]} 1. d4 d5 2. c4 e6 3. Nf3 Nf6 4. Nc3 h6 5. e3 Nbd7 {[#]} 6. Ne5 $146 {D37: Queen's Gambit Declined: 5 Bf4.} ({Predecessor:} 6. Bd3 b6 7. O-O Bb7 8. cxd5 exd5 9. Ne5 Bd6 10. f4 a6 11. Bf5 b5 12. Rf3 Nb6 13. Rh3 {½-½ (65) Khairul,A (2319)-Habla,J (2333) Tagaytay City 2011}) 6... dxc4 7. Nxc4 a6 8. a4 {White is slightly better.} Bb4 9. Be2 O-O 10. O-O Qe7 11. Na2 Bd6 12. Nxd6 cxd6 13. b3 b6 14. Ba3 Bb7 15. Nc3 Rfc8 16. Qd2 Rc7 17. f3 Rac8 18. Rfc1 Nf8 19. e4 Qd7 20. Nd1 Rxc1 21. Rxc1 Rxc1 22. Qxc1 Ng6 23. Ne3 d5 (23... Ne8 $14) 24. e5 $16 Ne8 25. Bd3 Ne7 26. Bb1 Nc6 (26... Qd8 $16) 27. Qc2 $18 {[%csl Gb1][%cal Rc2h7]} f5 28. exf6 $1 Nxf6 {[#]} 29. Ng4 $1 {[%cal Rg4f6]} Qf7 30. Ne5 Qe8 31. Ng4 Qf7 32. Qd3 a5 33. Ne5 Qc7 34. Qc3 {aiming for Bg6.} Ne8 {[#]} (34... Qc8 $16 35. Ng6 Qe8) 35. Kf2 (35. Qc2 $1 $18 {[%csl Gb1][%cal Rc2h7] has better winning chances.} Nf6 36. h3) 35... Nxe5 $16 36. Qxc7 $40 {[%mdl 128] Black is in trouble.} Ng4+ (36... Nxc7 $16 {was called for.} 37. dxe5 Na6) 37. fxg4 $18 {Intending Qe7! and mate.} Nxc7 {[%mdl 4096] Endgame KBB-KBN} 38. Be7 Kf7 39. Bd8 Na8 40. g5 hxg5 41. Bxg5 Ba6 42. Bf4 (42. h4 $142) 42... b5 43. Bd3 bxa4 $2 (43... e5) 44. Bxa6 {White is clearly winning.} axb3 45. Ke2 a4 {Strongly threatening ...a3.} 46. Kd2 a3 {Threatens to win with ...a2.} 47. Kc3 a2 48. Kb2 Nb6 49. Bd3 Nc4+ 50. Ka1 Kf6 51. h4 Na5 {Now ...Nc6 and Black clings on.} 52. Bg5+ Kf7 {and the idea ...Nc6 leaves Black hopeful.} 53. Bd2 Nc6 54. Bc3 e5 55. dxe5 Ke6 56. Kb2 d4 57. Bc4+ {[%mdl 64] Double Attack} Kxe5 58. Bd2 {Weighted Error Value: White=0.14/Black=0.24} 1-0